Nicaragua: acuerdo político sobre las reformas constitucionales
Guardat en:
| Format: | Text |
|---|---|
| Matèries: | |
| Etiquetes: |
Afegir etiqueta
Sense etiquetes, Sigues el primer a etiquetar aquest registre!
|
MARC
| LEADER | 00000 a a2200000 04500 | ||
|---|---|---|---|
| 001 | 5974 | ||
| 003 | |||
| 040 | |||
| 245 | |a Nicaragua: |b acuerdo político sobre las reformas constitucionales | ||
| 650 | |a POLITICA | ||
| 650 | |a CONSENSO | ||
| 650 | |a REFORMA CONSTITUCIONAL | ||
| 650 | |a LEGISLACION | ||
| 650 | |a GOBIERNO | ||
| 650 | |a ESTADO | ||
| 773 | |g volumen 16, número 667; páginas 12-13 | ||
| 999 | |c 34257 |d 34257 | ||
